| 000 | 00780cab a22002055a 4500 | ||
|---|---|---|---|
| 001 | L157417 | ||
| 008 | 121128e20121124xxk 000 0 eng d | ||
| 035 | _a(Sirsi) u157417 | ||
| 041 | 0 | _aeng | |
| 100 | 1 | _aMeadwell, Stacey | |
| 245 | 0 | 0 |
_aFocus _bScotland |
| 260 | _c2012 | ||
| 490 |
_aEstates Gazette _v(1247) 24 November 2012, 99-117(14) |
||
| 520 | _aIncludes information on shopping centre owners in Glasgow who are increasingly using their space for retail requirements; recent deals in the property investment market and developers in Glasgow, Edinburgh and Aberdeen who are preparing for recovery by putting funding and infrastructure in place. | ||
| 590 | _aKA | ||
| 700 | 1 | _aThame, David | |
| 700 | 1 | _aPilkington, Lisa | |
| 700 | 1 | _aHamilton, Helen | |
| 942 | _n0 | ||
| 999 |
_c84374 _d84374 |
||